| 000 | 00790nmc a2200301 a 4500 | ||
|---|---|---|---|
| 003 | AR-BaBNM | ||
| 005 | 20251128211255.0 | ||
| 008 | 243020s2003 ||||||||||||||000 | spa|| | ||
| 020 | _a950-518-825-0 | ||
| 040 | _cAR-BaBNM | ||
| 100 | 1 | _aGoodson, Ivor F. | |
| 245 | 1 | 0 |
_aEstudio del curriculum _bcasos y métodos |
| 250 | _a1ª ed. | ||
| 260 |
_aBuenos Aires _bAmorrortu _c2003 |
||
| 300 | 0 | _a238 p. | |
| 490 | 0 | _aAgenda educativa | |
| 504 | _aContiene referencias bibliográficas p.233-238 | ||
| 650 | 4 | _aCURRICULO | |
| 650 | 4 | _aHISTORIA DE LA EDUCACION | |
| 650 | 4 | _aESTUDIOS DE CASOS | |
| 650 | 4 | _aIDENTIDAD NACIONAL | |
| 651 | 4 | _aReino Unido | |
| 651 | 4 | _aCanadá | |
| 653 | 0 | _aTEORIA DEL CURRICULUM | |
| 800 | 1 | _aLitwin, Edith | |
| 942 | _cBK | ||
| 998 | _craquel | ||
| 999 |
_c18949 _d18949 |
||